| 000 | 00631nam a2200217Ia 4500 | ||
|---|---|---|---|
| 001 | 21194 | ||
| 008 | 171109s1941 ii a g b000 u 465 u | ||
| 082 | _a330.954 | ||
| 100 | _aMukherjee, Radhakamal . | ||
| 245 | 0 |
_aEconomic Problems of Modern India: Vol II / _cRadhakamal Mukherjee & H. L. Dey. _hTextual Documents |
|
| 250 | _a1st ed. / | ||
| 260 |
_aNew York : _bMacmillan and co , _c1941. |
||
| 300 |
_axxxvii,522p. : _bBib., ; _c21cm . |
||
| 504 | _aIndex | ||
| 653 | _aEconomics | ||
| 653 | _aT/G-Economics | ||
| 653 | _aIndian Economy-Modern | ||
| 653 | _aT/G-Economics | ||
| 700 | _aDey, H. L. . | ||
| 942 |
_2ddc _cBK |
||
| 999 |
_c21176 _d21176 |
||